| 000 | 01010nam0a2200301 4500 | ||
|---|---|---|---|
| 001 | RU\NLR\bibl\1726760 | ||
| 005 | 20250616074124.0 | ||
| 010 |
_a978-5-17-070583-2 _bАСТ |
||
| 010 |
_a978-5-271-31876-4 _bАстрель |
||
| 010 |
_a978-5-226-03166-3 _bВКТ _95000 |
||
| 021 |
_aRU _b2010-100890 _96812 |
||
| 035 | _a(NLR Aleph) 001717728 | ||
| 090 |
_a1320116 _c1320116 |
||
| 100 | _a20110124d2010 |||y0rusy50 ca | ||
| 101 | 1 |
_arus _ceng |
|
| 102 | _aRU | ||
| 105 | _ay ||||||||| | ||
| 200 | 1 |
_aСчастливое недоразумение _eроман _fДженет Маллани _g[пер. с англ. Н.Н. Аниськовой] |
|
| 210 |
_aМосква _cАСТ _cАстрель _aВладимир _cВКТ _d2010 |
||
| 215 |
_a314, [1] с. _d21 |
||
| 225 | 1 | _aШарм | |
| 686 | _aШ6(4Вл)67-440.4{Лх1299-50} | ||
| 700 | 1 |
_aМаллани _bД. _gДженет _4070 |
|
| 801 | 0 |
_aRU _bNLR _c20110124 _gRCR |
|
| 801 | 1 |
_aRU _bNLR _c20110124 |
|
| 942 | _cBOOK | ||
| 980 | _aNB | ||